[Event "Tatry op"]
[Site "Tatranske Zruby"]
[Date "2020.09.27"]
[Round "2"]
[White "Kolesar, Milan"]
[Black "Reinhardt, Michael"]
[Result "0-1"]
[WhiteElo "2177"]
[BlackElo "1843"]
[PlyCount "77"]
[EventDate "2020.09.26"]
[EventType "swiss"]
[EventRounds "9"]
[EventCountry "SVK"]
[SourceTitle "CBM 198 Extra"]
[Source "ChessBase"]
[SourceDate "2020.11.30"]
[SourceVersion "1"]
[SourceVersionDate "2020.11.30"]
[SourceQuality "1"]

1. Nf3 Nf6 2. c4 e6 3. Nc3 d5 4. d4 Bb4 5. Bg5 0-0 6. e3 Nbd7 7. Bd3 c6 8. 0-0 h6 9. Bh4 Bd6 10. e4 dxe4 11. Nxe4 Be7 12. Qe2 Nxe4 13. Qxe4 g6 14. Bxe7 Qxe7 15. Rfe1 Nf6 16. Qe5 Rd8 17. Rad1 Kg7 18. Bc2 Qd6 19. Qe2 b6 20. Ne5 Bd7 21. Rd3 Be8 22. Red1 Nd7 23. c5 Qc7 24. Nc4 Nf6 25. Nd6 Rxd6 26. cxd6 Qxd6 27. Bb3 Bd7 28. Re1 Bc8 29. Qe5 Qd8 30. Rc3 Bb7 31. Rec1 Rc8 32. Ba4 b5 33. Bb3 Kg8 34. Rf3 Nd7 35. Qf4 Qf8 36. Rh3 Kh7 37. Re1 a5 38. Ree3 Nb6 39. Rxh6+ 0-1

[Event "Erfurt HT op 26th"]
[Site "Erfurt"]
[Date "2016.12.28"]
[Round "5"]
[White "Budde, Michael"]
[Black "Reinhardt, Michael"]
[Result "1-0"]
[WhiteElo "1953"]
[BlackElo "1834"]
[PlyCount "71"]
[EventDate "2016.12.26"]
[EventType "swiss"]
[EventRounds "8"]
[EventCountry "GER"]
[SourceTitle "EXT 2018"]
[Source "ChessBase"]
[SourceDate "2017.10.13"]
[SourceVersion "1"]
[SourceVersionDate "2017.10.13"]
[SourceQuality "1"]

1. d4 f5 2. g3 Nf6 3. Bg2 e6 4. c4 d5 5. Nf3 c6 6. cxd5 exd5 7. Nc3 Bd6 8. Bg5 0-0 9. 0-0 Nbd7 10. Qc2 h6 11. Bf4 Bxf4 12. gxf4 Ne4 13. Ne5 Qe8 14. f3 Nd6 15. Rae1 Nf6 16. Rf2 Be6 17. Kh1 Rc8 18. b4 b6 19. Nd3 Nd7 20. e4 Qf7 21. Qe2 Rfe8 22. Ne5 Nxe5 23. fxe5 Nc4 24. Bh3 f4 25. Bxe6 Qxe6 26. Rg1 Kh7 27. exd5 cxd5 28. Qd3+ g6 29. Ne2 Rf8 30. Rfg2 Rf5 31. Nxf4 Rxf4 32. Rxg6 Qf5 33. Rg7+ Kh8 34. Qe2 Rxf3 35. Qg2 Qf8 36. Qg6 1-0

[Event "Arber op 3rd"]
[Site "Bayerisch Eisenstein"]
[Date "2014.08.23"]
[Round "8"]
[White "Reinhardt, Michael"]
[Black "Trinkl, Andreas"]
[Result "1/2-1/2"]
[WhiteElo "1847"]
[BlackElo "1817"]
[PlyCount "70"]
[EventDate "2014.08.16"]
[EventType "swiss"]
[EventRounds "9"]
[EventCountry "GER"]
[SourceTitle "CBM 161 Extra"]
[Source "ChessBase"]
[SourceDate "2014.08.29"]
[SourceVersion "1"]
[SourceVersionDate "2014.08.29"]
[SourceQuality "1"]

1. f4 b6 2. Nf3 Bb7 3. e3 g6 4. Be2 Bg7 5. 0-0 Nf6 6. c4 0-0 7. Nc3 c5 8. b3 Ne4 9. Bb2 Nxc3 10. Bxc3 Bxc3 11. dxc3 d6 12. Qe1 Nd7 13. Rd1 Kg7 14. Bd3 Qc7 15. Qh4 Nf6 16. f5 Rh8 17. e4 Rag8 18. Rde1 Kf8 19. Rf2 gxf5 20. exf5 Ng4 21. Rfe2 Ne5 22. Nxe5 dxe5 23. f6 e6 24. Be4 h5 25. h3 Rh6 26. Rd2 Bxe4 27. Rxe4 Rgg6 28. Qe1 Rxf6 29. Rxe5 Rfg6 30. Qe4 h4 31. Qe2 Rg3 32. Re3 Rhg6 33. Rxg3 hxg3 34. Qe3 Kg7 35. Rd3 Kg8 1/2-1/2

[Event "GER-ch36 V9 email"]
[Site "GER email"]
[Date "2004.03.29"]
[Round "?"]
[White "Kleinsorgen, Horst M"]
[Black "Reinhardt, Michael"]
[Result "0-1"]
[WhiteElo "1916"]
[BlackElo "1952"]
[PlyCount "101"]
[EventDate "2004.03.29"]
[EventType "tourn (corr)"]
[EventRounds "10"]
[EventCountry "GER"]
[SourceTitle "Corr 2008"]
[Source "ChessBase"]
[SourceDate "2008.06.24"]
[SourceVersion "1"]
[SourceVersionDate "2008.06.24"]
[SourceQuality "1"]

1. e4 c6 2. d4 d5 3. Nd2 dxe4 4. Nxe4 Bf5 5. Ng3 Bg6 6. h4 h6 7. Nf3 Nd7 8. h5 Bh7 9. Bd3 Bxd3 10. Qxd3 e6 11. Bf4 Qa5+ 12. Bd2 Qc7 13. 0-0-0 Ngf6 14. Ne4 0-0-0 15. Nxf6 Nxf6 16. Qe2 Rd5 17. c4 Rxh5 18. Rxh5 Nxh5 19. Qe5 Qxe5 20. Nxe5 f5 21. Ng6 Rg8 22. Re1 Kd7 23. c5 Be7 24. Kc2 Bd8 25. a4 Bc7 26. b4 Nf6 27. Bf4 Bxf4 28. Nxf4 g5 29. Nd3 h5 30. b5 Nd5 31. Ne5+ Kc7 32. Rh1 h4 33. g3 hxg3 34. fxg3 Rg7 35. Kd3 g4 36. Nc4 f4 37. Nd6 Kd7 38. Nxb7 cxb5 39. axb5 fxg3 40. Rg1 Rh7 41. b6 axb6 42. cxb6 Nxb6 43. Nc5+ Ke7 44. Ke4 Nd5 45. Rxg3 Rh1 46. Nd3 Kf6 47. Nc5 Re1+ 48. Kd3 Kg5 49. Kd2 Ra1 50. Rb3 Ra2+ 51. Kc1 0-1